000 01575cam a2200301 i 4500
003 SA-RiAUC
005 20260221125500.0
008 260203s1914 ua g 000 0 ara c
040 _aEG-CaDAJ
_bara
_cSA-RiAUC
_erda
082 0 4 _a001.2089927
_qSA-RiAUC
090 _aم ن 001.2089927
_bس ن ب
100 1 _aالسنباطي، أحمد بن أحمد بن عبد الحق،
_dتوفي 995 هجري
_eمؤلف.
245 1 0 _aروضة الفهوم في نظم نقاية العلوم /
_cتأليف محمود ابن عبد الحق السنباطي الشافعي.
264 1 _a[مكان النشر غير محدد] :
_b[الناشر غير محدد]،
_c1914
264 3 _aالقاهرة :
_bالمطبعة الجمالية
300 _a84 صفحة ؛
_c29 سم
336 _aنص
_btxt
_2rdacontent
_3كتاب
337 _aبدون وسيط
_bn
_2rdamedia
338 _aمجلد
_bnc
_2rdacarrier
500 _aتم تأليفه بمباشرة من عبد الله السرباي.
505 0 _aيحتوي على منظومة المكفرات لكل ذنب سابق أوآت للعلامة الشيخ عبد الله بن محمد الكردي البيتوشي.
650 7 _aالعلوم عند العرب
_vشعر
_2aucsh
700 1 2 _aالجلال السيوطي، عبد الرحمن بن أبي بكر بن محمد،
_d849-911 هجري
740 0 2 _aنقاية العلوم.
856 4 _uhttp://10.10.10.21/hipres/25148/book.Web/bookTestPage.html
942 _2ddc
_cRBOOK COPY
_n0
949 _aSA-JeALM
_d260203
_umohamedma123
_n1
999 _c14441
_d14441